000 00708nam a2200241 a 4500
001 000038556
003 OSt
005 20260321073642.0
008 091204s1999 dr 000 j spa d
020 _a9789945406900
040 _aDO-SdBNP
_bspa
_cBNPHU
082 _aRD863.44
_bB742m, 1999
100 1 _a Bosch, Juan,
_d1909-2001
_976555
245 1 0 _aCuentos escritos en el exilio /
_cJuan Boch ;.
250 _avigésima sexta
260 _aSanto Domingo :
_bAlfa & Omega,
_c1999.
300 _a279 p. ;
_c23 cm.
590 _aInventariado, 2020/MFF
650 0 _aCuentos dominicanos
_9176
650 0 _aLiteratura dominicana.
_967
910 _aValidado. Control de calidad MFF
942 _2ddc
_cLBS1
999 _c38046
_d38046